Elements Of Discrete Mathematics (Record no. 197533)

MARC details
000 -LEADER
fixed length control field 00472nam a2200169Ia 4500
008 - FIXED-LENGTH DATA ELEMENTS--GENERAL INFORMATION
fixed length control field 230714s9999 xx 000 0 und d
041 ## - LANGUAGE CODE
Language code of text/sound track or separate title eng
082 ## - DEWEY DECIMAL CLASSIFICATION NUMBER
Classification number 511.3
Item number LIU
100 ## - MAIN ENTRY--PERSONAL NAME
Personal name Liu C.L.
245 ## - TITLE STATEMENT
Title Elements Of Discrete Mathematics
250 ## - EDITION STATEMENT
Edition statement 3rd ed.
260 ## - PUBLICATION, DISTRIBUTION, ETC. (IMPRINT)
Date of publication, distribution, etc. 2008
Name of publisher, distributor, etc. Tata Mc-Graw Hill
300 ## - PHYSICAL DESCRIPTION
Extent 547
Accompanying material [OBSOLETE, CAN/MARC] Ref 355 G (33116)
365 ## - TRADE PRICE
Currency code Rs.
Price amount 250.00
700 ## - ADDED ENTRY--PERSONAL NAME
Personal name Liu C.L. & Mohapatra D.P.
9 (RLIN) 190638
906 ## - LOCAL DATA ELEMENT F, LDF (RLIN)
d O:0016320-Jul-2009B:70303-Jul-2009
c IT
b 250

No items available.